Bienvenido a nuestro catálago, Biblioteca Universidad Monteávila

Vista normal Vista MARC

Entrada Encabezamiento temático

Número de registros utilizados en: 2

001 - NÚMERO DE CONTROL

  • campo de control: 5502

003 - IDENTIFICADOR DEL NÚMERO DE CONTROL

  • campo de control: vecauma

005 - FECHA Y HORA DE LA ÚLTIMA TRANSACCIÓN

  • campo de control: 20240423192450.0

008 - DATOS DE LONGITUD FIJA

  • campo de control de longitud fija: 230202|| aca||aabn | a|a d

040 ## - FUENTE DE LA CATALOGACIÓN

  • Centro catalogador/agencia de origen: vecauma

150 ## - Materia

  • Encabezamiento temático: POLITICA AGRICOLA

450 ## - REFERENCIA DE “VEASE” MATERIA

  • Encabezamiento temático: Agriculture and state

450 ## - REFERENCIA DE “VEASE” MATERIA

  • Encabezamiento temático: Política agrícola

450 ## - REFERENCIA DE “VEASE” MATERIA

  • Encabezamiento temático: Política agraria

550 ## - REFERENCIA DE "VEASE ADEMAS" MATERIA

  • Encabezamiento temático: POLITICA ECONOMICA
  • Subcampo de control : g

550 ## - REFERENCIA DE "VEASE ADEMAS" MATERIA

  • Encabezamiento temático: REFORMA AGRARIA
  • Subcampo de control : h

550 ## - REFERENCIA DE "VEASE ADEMAS" MATERIA

  • Encabezamiento temático: AGRICULTURA

550 ## - REFERENCIA DE "VEASE ADEMAS" MATERIA

  • Encabezamiento temático: DESARROLLO RURAL

550 ## - REFERENCIA DE "VEASE ADEMAS" MATERIA

  • Encabezamiento temático: ORDENACION DEL TERRITORIO

670 ## - FUENTE EN LA QUE SE LOCALIZARON DATOS

  • Cita de la fuente: Catálogo de Autoridades de la Biblioteca del Congreso, 2023
  • Información localizada: (Agriculture and state)

Copyright @ UMA Library
Universidad Monteávila Caracas, Venezuela

Edif. Sede principal Universidad Monteávila. Av. El Buen Pastor. Boleíta Norte. Caracas. 
Customized by Universidad Monteávila

Con tecnología Koha